000 00995nam0a22002531 4500
001 rc\2572285
005 20250623112834.0
035 _a(NLR Aleph) 006736999
090 _a5604091
_c5604090
100 _a20110914d1928 |||y0rusy50 ca
101 0 _arus
102 _aRU
105 _ay z |||||
200 1 _aКраткий обзор деятельности Ленинградского жирового треста за 1926/27 год
210 _aЛенинград
_cтрест Ленжет
_d1928
_gгос. тип. им. Евг. Соколовой
215 _a28 с.
_d20х14 см.
300 _aНа обл. перед загл.: "Делегату Производ. конференции рабочих и служащих треста Ленжет"
710 0 2 _a"Ленжет", трест
_cЛенинград
_9766207
_3RU\NLR\AUTH\880550254
801 0 _aRU
_bNLR
_gpsbo
801 1 _aRU
_bELAR
_2rusmarc
852 _aNLR
_j34/4111
942 _cBOOK
980 _aNB